<?xml version="1.0" encoding="UTF-8"?>
<collection xmlns="http://www.loc.gov/MARC21/slim">
 <record>
  <leader>01547nam a2200217Ia 4500</leader>
  <controlfield tag="001">CTU_228788</controlfield>
  <controlfield tag="008">210402s9999    xx            000 0 und d</controlfield>
  <datafield tag="082" ind1=" " ind2=" ">
   <subfield code="a">658.57</subfield>
  </datafield>
  <datafield tag="082" ind1=" " ind2=" ">
   <subfield code="b">R865</subfield>
  </datafield>
  <datafield tag="100" ind1=" " ind2=" ">
   <subfield code="a">Roussel, Philip A.</subfield>
  </datafield>
  <datafield tag="245" ind1=" " ind2="0">
   <subfield code="a">Third generation R&amp;D :</subfield>
  </datafield>
  <datafield tag="245" ind1=" " ind2="0">
   <subfield code="b">Managing the link to corporate strategy</subfield>
  </datafield>
  <datafield tag="245" ind1=" " ind2="0">
   <subfield code="c">Philip A. Roussel, Kamal N. Saad, Tamara J. Erickson ; Foreword by John F. Magee.</subfield>
  </datafield>
  <datafield tag="260" ind1=" " ind2=" ">
   <subfield code="a">Boston, Mass.</subfield>
  </datafield>
  <datafield tag="260" ind1=" " ind2=" ">
   <subfield code="b">Harvard Business School Press</subfield>
  </datafield>
  <datafield tag="260" ind1=" " ind2=" ">
   <subfield code="c">1991</subfield>
  </datafield>
  <datafield tag="520" ind1=" " ind2=" ">
   <subfield code="a">Written by three senior consultants from Arthur D. Little, this book provides managers with a new approach that will make R&amp;D a truly competitive weapon. Relates how R&amp;D management has evolved from the naive &quot;strategy of hope&quot; approach of the 1950s and 1960s, when companies spent lavishly in the vague expectation that something good would result, to the more systematic approach of the past two decades. The third generation of R&amp;D is a pragmatic method for linking R&amp;D to long-term business planning. It shows managers how to: integrate technology and research capabilities with overall management and strategy; break down organizational barriers that isolate R&amp;D from the rest of the company; foster a spirit of partnership and trust between R&amp;D and other units; and create managed portfolios of R&amp;D projects that match corporate goals.</subfield>
  </datafield>
  <datafield tag="650" ind1=" " ind2=" ">
   <subfield code="a">Nghiên cứu, công nghiệp,Research, Industrial</subfield>
  </datafield>
  <datafield tag="650" ind1=" " ind2=" ">
   <subfield code="x">Quản trị,Management</subfield>
  </datafield>
  <datafield tag="910" ind1=" " ind2=" ">
   <subfield code="b">dqhieu</subfield>
  </datafield>
  <datafield tag="980" ind1=" " ind2=" ">
   <subfield code="a">Trung tâm Học liệu Trường Đại học Cần Thơ</subfield>
  </datafield>
 </record>
</collection>
